000 00446pab a2200157 454500
008 180718b1987 xxu||||| |||| 00| 0 eng d
100 _aBhati, J.P.
245 _aWomen's contribution to agricultural economy in hill regions of North - West India
260 _c1987
300 _aWS7-11
362 _a25 Apr.
650 _aWomen - India - Himachal Pradesh
700 _aD.V. Singh
773 _aEconomic and Political Weekly
909 _a20965
999 _c20965
_d20965